| 000 | 00703nam a22001577a 4500 | ||
|---|---|---|---|
| 003 | OSt | ||
| 005 | 20151216155429.0 | ||
| 008 | 151216b xxu||||| |||| 00| 0 eng d | ||
| 040 | _cRUA | ||
| 082 | _aATM SOK 2002 B192 Or.1 | ||
| 100 |
_94960 _aSOK, SARATH. |
||
| 245 | _aStusy on economic analysis of family mixed farm at kampong ro district svay rieng province, ការវិភាគសេដ្ឋកិច្ចលើកសិដ្ឋានចំរុះជាលក្ខណៈគ្រួសារ នៅក្នុងស្រុកកំពង់រោទិ៏ ខេត្តស្វាយរៀង | ||
| 260 |
_aPhnom Penh _bRUA _c2002 |
||
| 300 |
_a50p. _bill. _c29cm. |
||
| 942 |
_2ddc _cATM |
||
| 999 |
_c4609 _d4609 |
||